000 01165nam a2200301 i 4500
001 000026509
003 DO-SdBNP
005 20250717074016.0
007 ta
008 110322s2006 dr ac 000 0 spa d
040 _aDO-SdBNP
_bspa
_cBNPHU
_erda
041 _hspa
082 4 _a972.9353
_bS237d
_222
245 0 0 _aSanto Domingo 1939-1943 /
_cfotografías de Kurt Schnitzer.
264 4 _aSanto Domingo :
_bEditora Centro Cultural de España,
_c2006.
300 _a175 páginas :
_bilustraciones, fotos, retratos ;
_c27 cm.
336 _atexto
_btxt
_2rdacontent
337 _amediación
_bn
_2rdamedia
338 _avolumen
_bnc
_2rdacarrier
500 _aIncluye referencias bibliográficas y notas al pie de las páginas
590 _aInventariado, 2023/MFF
651 4 _aSanto Domingo, República Dominicana
_xHistoria
_y1939-1943
_vFotografías
_91035
651 4 _aSanto Domingo, República Dominicana
_xVida social y costumbres
_y1939-1943
_vFotografías
_91036
700 1 _aSchnitzer, Kurt,
_efotógrafo
_4fot.
_953586
710 2 _aBiblioteca Nacional Pedro Henríquez Ureña
_981292
910 _aValidado. Control de calidad MFF
942 _2ddc
_cLBS1
999 _c26001
_d26001